| 000 | 01209cam a2200313 a 4500 | ||
|---|---|---|---|
| 001 | 17402079 | ||
| 005 | 20170105102851.0 | ||
| 008 | 120725s2013 enk b 001 0 eng | ||
| 010 | _a 2012025904 | ||
| 020 | _a9780415520553 (hardback) | ||
| 020 | _a9780203074916 (ebook) | ||
| 040 |
_aDLC _cDLC _dDLC |
||
| 042 | _apcc | ||
| 043 |
_an-us--- _aaw----- |
||
| 050 | 0 | 0 |
_aJZ1480.A55 _bA65 2013 |
| 082 | 0 | 0 |
_a327.1/1 _223 |
| 245 | 0 | 0 |
_aAmerican democracy promotion in the changing Middle East : _bfrom Bush to Obama / _cedited by Shahram Akbarzadeh ... [et al.]. |
| 260 |
_aLondon ; _aNew York : _bRoutledge, _c2013. |
||
| 300 |
_axi, 163 p. ; _c25 cm. |
||
| 490 | 0 |
_aDurham modern Middle East and Islamic world series ; _v27 |
|
| 504 | _aIncludes bibliographical references (p. [143]-154) and index. | ||
| 650 | 0 |
_aDemocratization _xGovernment policy _zUnited States. |
|
| 651 | 0 |
_aUnited States _xForeign relations _zMiddle East. |
|
| 651 | 0 |
_aMiddle East _xForeign relations _zUnited States. |
|
| 700 | 1 | _aAkbarzadeh, Shahram. | |
| 906 |
_a7 _bcbc _corignew _d1 _eecip _f20 _gy-gencatlg |
||
| 942 |
_2ddc _cBK |
||
| 999 |
_c14292 _d14292 |
||